000 01001nac a22003017a 4500
001 BR8900724
003 BR-BrBNA
005 20240105120920.0
008 230509b bl.|||m| |||| 00| 0 por d
040 _aBR-BrBNA
_bpor
_cBiblioteca Nacional de Agricultura
072 _aF30; F01
090 _a1440 BR8900724
100 1 _aSoares, V.M.
100 1 _aGomes, E.E.
100 1 _aAraujo, J.P.P. de
100 1 _aWatt, E.E.
110 1 _aEmpresa Maranhense de Pesquisa Agropecuaria, Sao Luis, MA (Brasil)
_94228
245 1 _aTeste de cultivares e linhares de feijao caupi de tegumento branco na regiao dos cocais do Maranhao
260 3 _aSao Luis, MA (Brasil):
_c1985.
300 _a3 p.
490 _aPesquisa em Andamento - Empresa Maranhense de Pesquisa Agropecuaria (Brazil)
_vno. 6
_xISSN 0101-6520
650 _aFEIJAO DE CORDA
650 _aVARIEDADE
650 _aRENDIMENTO
650 _aMARANHAO
909 _a202312
_bLúcia Elande
_c55
_dLúcia Elande
942 _2AGRIS
_n0
_cMS
999 _c282163
_d282163